000 00294nam a22001337a 4500
008 181002b xxu||||| |||| 00| 0 eng d
020 _a0791406296
041 _aeng
080 _a316
100 _a50
101 _aSOC
245 _aFrom surviving to thriving
_cDinsmore,Ch
942 _2udc
_cBK
999 _c48780
_d48780